000 00845cam a2200217 4500
001 ABS66197
008 021219n2002 000 0 eng u
035 _a(Sirsi) u120848
100 _aLincoln, B
245 _aCurrent issues in the termination of construction contracts
260 _c2002
490 _aInternational Construction Law Review
_v 19(4) October 2002, 488-509(22)
520 _aLooks at present position regarding the termination of construction contracts, citing various cases. Particular attention is paid to the doctrine of election, which involves a choice by a third party to a contract between inconsistent rights.
590 _aABS
650 _aELECTION
650 _aTHIRD PARTIES
650 _aINTERNATIONAL LAW
690 _aBUILT ENVIRONMENT-BUILDING CONTRACT FORMS
700 _aAistrope, K
942 _n0
999 _c71826
_d71826